טוען...
PROSPECTS OF RESPONSIBLE TOURISM IN KERALA: EVIDENCE FROM KUMARAKAM IN KOTTAYAM DISTRICT
Responsible Tourism (RT) has got special significance in Kerala–the southernmost state in India with an enviable tourism infrastructure, often projected as ‘God’s own Country’. Taking the case of Kumarakam, one of the most prominent RT destinations in Kerala in the Kottayam district, this paper make...
| מחבר ראשי: | |
|---|---|
| פורמט: | Printed Book |
| יצא לאור: |
International Journal of Research in Management & Social Science
2015
|
| נושאים: | |
| גישה מקוונת: | http://10.26.1.76/ks/005471.pdf |
| LEADER | 01086nam a22001457a 4500 | ||
|---|---|---|---|
| 100 | |a Manoj P. K. |9 27113 | ||
| 245 | |a PROSPECTS OF RESPONSIBLE TOURISM IN KERALA: EVIDENCE FROM KUMARAKAM IN KOTTAYAM DISTRICT | ||
| 260 | |b International Journal of Research in Management & Social Science |c 2015 | ||
| 300 | |b Volume 3, Issue 1( II ) : January - March , 2015 | ||
| 520 | |a Responsible Tourism (RT) has got special significance in Kerala–the southernmost state in India with an enviable tourism infrastructure, often projected as ‘God’s own Country’. Taking the case of Kumarakam, one of the most prominent RT destinations in Kerala in the Kottayam district, this paper makes a case study of the RT initiatives of ‘Samrudhy’ group. Accordingly, the problems and prospects of RT are studied and suggestions are made for more effective functioning of their RT initiatives | ||
| 650 | |a VISION 2020; |a SUSTAINABLE TOURISM |9 27114 | ||
| 856 | |u http://10.26.1.76/ks/005471.pdf | ||
| 942 | |c KS | ||
| 999 | |c 76215 |d 76215 | ||
| 952 | |0 0 |1 0 |4 0 |7 0 |9 68221 |a MGUL |b MGUL |d 2016-02-15 |l 0 |r 2016-02-15 |w 2016-02-15 |y KS | ||